Krátkodobý program zamestnávania mladých ľudí (pilotný projekt)

Na pomoc nezamestnaným mladým ľuďom pripravil Národný úrad práce projekt - Krátkodobý program zamestnávania mladých ľudí, ktorý bol v r. 2000 skúšobne zavedený na šiestich úradoch práce. Mladí ľudia ako najrizikovejšie skupiny na trhu práce SR. Výsledky programu. Priebeh programu podľa jednotlivých...

Descrizione completa

Salvato in:
Dettagli Bibliografici
Autore principale: Kočan, Rastislav
Natura: Capitolo di libro
Lingua:slovacco
Soggetti:
Tags: Aggiungi Tag
Nessun Tag, puoi essere il primo ad aggiungerne!!

MARC

LEADER 00000naa a2200000 4500
001 r042932
005 20231002081145.3
041 0 |a slo 
044 |a SK 
245 1 0 |a Krátkodobý program zamestnávania mladých ľudí (pilotný projekt)  |c Rastislav Kočan 
520 |a Na pomoc nezamestnaným mladým ľuďom pripravil Národný úrad práce projekt - Krátkodobý program zamestnávania mladých ľudí, ktorý bol v r. 2000 skúšobne zavedený na šiestich úradoch práce. Mladí ľudia ako najrizikovejšie skupiny na trhu práce SR. Výsledky programu. Priebeh programu podľa jednotlivých fáz. Kvalitatívne vyhodnotenie. Aktívne nástroje trhu práce. Priebeh programu v roku 2001. 
610 2 0 |a trh práce 
610 2 0 |a zamestnanosť 
610 2 0 |a programy 
610 2 0 |a úrady práce 
610 2 0 |a politika zamestnanosti 
610 2 0 |a absolventi 
610 2 0 |a mládež 
610 2 0 |a skupiny vekové 
610 2 0 |a nezamestnanosť 
100 1 |a Kočan, Rastislav